Nghiên cứu ứng dụng PLC và phần mềm Wincc để điều khiển và giám sát vận hành trạm biến áp 110kV [Thesis-Luận văn thạc sĩ]
Guardat en:
| Format: | Llibre |
|---|---|
| Idioma: | Vietnamese |
| Publicat: |
Đại học Đà Nẵng
2011
|
| Etiquetes: |
Afegir etiqueta
Sense etiquetes, Sigues el primer a etiquetar aquest registre!
|
| Thư viện lưu trữ: | Mạng thư viện Đại học Đà Nẵng |
|---|
| LEADER | 01070nam a2200289 a 4500 | ||
|---|---|---|---|
| 001 | 000001416 | ||
| 003 | 04469 | ||
| 005 | 20171229145311.0 | ||
| 008 | 171229s2011 vie | ||
| 040 | |a LSK | ||
| 041 | 0 | |a VIE | |
| 082 | 0 | |a 621.313 PH-T | |
| 245 | 0 | 0 | |a Nghiên cứu ứng dụng PLC và phần mềm Wincc để điều khiển và giám sát vận hành trạm biến áp 110kV [Thesis-Luận văn thạc sĩ] |c Phạm Văn Tường ; Đoàn Anh Tuấn hướng dẫn. |
| 260 | |b Đại học Đà Nẵng |c 2011 | ||
| 300 | |a 150 pages |c 27 cm. | ||
| 852 | |a Phòng Đọc | ||
| 901 | |a 1 | ||
| 927 | |a Khóa luận | ||
| OWN | |a LSK | ||
| AVA | |a UDN50 |b LSK |d 621.313 PH-T |e available |t Error 5001 Not defined in file expand_doc_bib_avail. |f 1 |g 0 |h N |i 0 |k 1 | ||
| 999 | |a From the UDN01 | ||
| AVA | |a UDN50 |b LSK |d 621.313 PH-T |e available |t Error 5001 Not defined in file expand_doc_bib_avail. |f 1 |g 0 |h N |i 0 |k 1 | ||
| TYP | |a Monograph | ||
| TYP | |a Printed language | ||
| 980 | |a Mạng thư viện Đại học Đà Nẵng | ||